000 00593nam a2200241Ia 4500
005 20250425162624.0
008 250425s9999 xx 000 0 und d
020 _a8498201039
041 _aspa
043 _asp
082 _a912.014
245 0 _aATLAS DEL ESTUDIANTE. LAS CLAVES PARA ENTENDER EL MUNDO DEL SIGLO XXI
250 _aS.E.
260 _aBARCELONA
260 _aEspaƱa
_bSOL 90
_c2005
300 _a143
500 _aINCLUYE CD-ROM
650 _aATLAS GEOGRAFICO-UNIVERSAL
650 _aEDUCACION SIGLO XXI
650 _aMAPAS
942 _c01
010 _a90675
999 _c233024
_d233024